| 000 | 00514nam a2200181Ia 4500 | ||
|---|---|---|---|
| 001 | 8144 | ||
| 005 | 20260306160547.0 | ||
| 008 | 260306t2016||||xx |||||||||||||| ||spa|| | ||
| 041 | _aESP | ||
| 082 |
_a370.114 _bL61 |
||
| 100 |
_aLickona, Thomas _eAUT |
||
| 245 | 0 |
_aCarácter: _bcomo ayudar a las nuevas generaciones a desarrollar el buen criterio, la integridad y otra virtudes esenciales |
|
| 260 | _c2016 | ||
| 300 |
_a392 páginas : _c23 cm. |
||
| 650 | _aGEN | ||
| 654 | _aCED | ||
| 942 |
_cLIB _dJUS _fJUS _2ddc _n |
||
| 999 |
_c8144 _d8144 |
||